[Event "LSS SA-2022-0-00793"]
[Site "LSS email"]
[Date "2022.03.09"]
[Round "?"]
[White "Lavis, Jon"]
[Black "Oliger, Mark"]
[Result "0-1"]
[WhiteElo "2098"]
[BlackElo "2036"]
[PlyCount "34"]
[EventDate "2022.02.08"]
[EventType "tourn (corr)"]
[EventRounds "6"]
[EventCountry "GER"]
[SourceTitle "Corr 2024"]
[Source "ChessBase"]
[SourceDate "2023.10.19"]
[SourceVersion "1"]
[SourceVersionDate "2023.10.19"]
[SourceQuality "1"]

1. d4 d5 2. c4 dxc4 3. e4 e5 4. Nf3 exd4 5. Bxc4 Nc6 6. 0-0 Be6 7. Bb5 Bc5 8. b4 Bb6 9. h4 Nge7 10. Na3 Bg4 11. Nc4 0-0 12. Bxc6 Nxc6 13. b5 Na5 14. Nxb6 Bxf3 15. Qxf3 axb6 16. Qg3 c5 17. bxc6 bxc6 0-1

[Event "SB-2020-0-00602"]
[Site "LSS email"]
[Date "2020.11.01"]
[Round "?"]
[White "Lavis, Jon"]
[Black "Herzog, Agnes"]
[Result "1-0"]
[WhiteElo "1984"]
[BlackElo "1770"]
[PlyCount "59"]
[EventDate "2020.07.14"]
[EventType "tourn (corr)"]
[EventRounds "6"]
[EventCountry "GER"]
[SourceTitle "Corr 2024"]
[Source "ChessBase"]
[SourceDate "2023.10.19"]
[SourceVersion "1"]
[SourceVersionDate "2023.10.19"]
[SourceQuality "1"]

1. d4 d5 2. c4 dxc4 3. e3 c5 4. Nf3 cxd4 5. Bxc4 Qc7 6. Qb3 e6 7. exd4 Nc6 8. Nc3 a6 9. Bd3 Nf6 10. 0-0 Be7 11. Be3 0-0 12. Rac1 Rd8 13. h3 h6 14. Bb1 Qd6 15. Rfd1 b5 16. d5 exd5 17. Bb6 Rd7 18. Ne2 Rb7 19. Bc5 Qb8 20. Be3 Na5 21. Qd3 Nc4 22. Bd4 g6 23. Ng3 Ne4 24. Qe2 Nxg3 25. fxg3 Qxg3 26. Rxc4 bxc4 27. Be5 Bc5+ 28. Kf1 Qf2+ 29. Qxf2 Bxf2 30. Kxf2 1-0

[Event "ZI-2020-0-02661"]
[Site "LSS email"]
[Date "2020.08.27"]
[Round "?"]
[White "Lavis, Jon"]
[Black "Krol, Wladyslaw"]
[Result "1/2-1/2"]
[WhiteElo "1996"]
[BlackElo "1780"]
[PlyCount "52"]
[EventDate "2020.07.24"]
[EventType "match (corr)"]
[EventRounds "2"]
[EventCountry "GER"]
[SourceTitle "Corr 2022"]
[Source "ChessBase"]
[SourceDate "2021.10.24"]
[SourceVersion "1"]
[SourceVersionDate "2021.10.24"]
[SourceQuality "1"]

1. d4 d5 2. c4 e6 3. Nc3 Nf6 4. cxd5 exd5 5. Bg5 Be7 6. e3 h6 7. Bh4 c6 8. Qc2 Be6 9. Bd3 c5 10. dxc5 Nbd7 11. Nge2 0-0 12. Rd1 Nxc5 13. 0-0 Rc8 14. Bf5 Nce4 15. Bxe4 Nxe4 16. Bxe7 Qxe7 17. Qa4 Qc5 18. Rd4 Rc6 19. h3 Rfc8 20. Rfd1 Ra6 21. Nxe4 Qb6 22. Qb4 dxe4 23. a3 Qxb4 24. Rxb4 Rc2 25. Nd4 Rc7 26. Ne2 f5 1/2-1/2

[Event "SB-2020-0-00599"]
[Site "LSS email"]
[Date "2020.08.02"]
[Round "?"]
[White "Blair, Matthew"]
[Black "Lavis, Jon"]
[Result "0-1"]
[WhiteElo "1994"]
[BlackElo "1989"]
[PlyCount "89"]
[EventDate "2020.06.02"]
[EventType "tourn (corr)"]
[EventRounds "6"]
[EventCountry "GER"]
[SourceTitle "Corr 2022"]
[Source "ChessBase"]
[SourceDate "2021.10.24"]
[SourceVersion "1"]
[SourceVersionDate "2021.10.24"]
[SourceQuality "1"]

1. e4 c5 2. Nf3 Nc6 3. d4 cxd4 4. Nxd4 Nf6 5. Nc3 e5 6. Ndb5 d6 7. Bg5 a6 8. Na3 b5 9. Nd5 Be7 10. Bxf6 Bxf6 11. c3 Rb8 12. Nc2 0-0 13. Be2 Bg5 14. 0-0 Be6 15. Bf3 g6 16. Qd3 a5 17. Nce3 Kg7 18. Rad1 b4 19. g3 bxc3 20. bxc3 h5 21. h4 Bh6 22. Bg2 Ne7 23. c4 Nxd5 24. Nxd5 Rb2 25. Qc3 Qb8 26. Nc7 Rxa2 27. Nxe6+ fxe6 28. Bh3 Qb4 29. Qxb4 axb4 30. Rxd6 b3 31. c5 Rc2 32. Bxe6 b2 33. Rd7+ Kh8 34. Rb7 Bc1 35. Ba2 Be3 36. fxe3 Rc1 37. Bc4 Rfxf1+ 38. Bxf1 b1Q 39. Rxb1 Rxb1 40. Kf2 Rc1 41. Be2 Rxc5 42. g4 g5 43. Kg3 gxh4+ 44. Kxh4 hxg4 45. Kxg4 0-1

[Event "SB-2020-0-00599"]
[Site "LSS email"]
[Date "2020.08.02"]
[Round "?"]
[White "Lavis, Jon"]
[Black "Kazimierski, Tomasz"]
[Result "1/2-1/2"]
[WhiteElo "1989"]
[BlackElo "1946"]
[PlyCount "48"]
[EventDate "2020.06.02"]
[EventType "tourn (corr)"]
[EventRounds "6"]
[EventCountry "GER"]
[SourceTitle "Corr 2022"]
[Source "ChessBase"]
[SourceDate "2021.10.24"]
[SourceVersion "1"]
[SourceVersionDate "2021.10.24"]
[SourceQuality "1"]

1. e4 c5 2. Nf3 e6 3. d3 Nf6 4. Qe2 d5 5. exd5 Nxd5 6. g3 Nc6 7. Bg2 Bd6 8. Nc3 0-0 9. 0-0 Re8 10. Qd1 Be7 11. h4 f6 12. Re1 Nc7 13. Be3 e5 14. Nd2 Rb8 15. f4 Be6 16. fxe5 Nxe5 17. Nc4 Ng4 18. a4 f5 19. Qf3 Bf6 20. Bf4 Bd4+ 21. Kh1 Bxc4 22. Rxe8+ Nxe8 23. dxc4 Nf2+ 24. Kg1 Ng4+ 1/2-1/2

[Event "SB-2019-0-00584"]
[Site "LSS email"]
[Date "2019.11.18"]
[Round "?"]
[White "Lavis, Jon"]
[Black "Ederer, Karel"]
[Result "1/2-1/2"]
[WhiteElo "2038"]
[BlackElo "1991"]
[PlyCount "84"]
[EventDate "2019.08.24"]
[EventType "tourn (corr)"]
[EventRounds "6"]
[EventCountry "GER"]
[SourceTitle "Corr 2022"]
[Source "ChessBase"]
[SourceDate "2021.10.24"]
[SourceVersion "1"]
[SourceVersionDate "2021.10.24"]
[SourceQuality "1"]

1. d4 Nf6 2. c4 g6 3. Nc3 d5 4. cxd5 Nxd5 5. e4 Nxc3 6. bxc3 Bg7 7. Nf3 c5 8. Rb1 0-0 9. Be2 cxd4 10. cxd4 Qa5+ 11. Bd2 Qxa2 12. 0-0 b6 13. Qc1 Qe6 14. Re1 Bb7 15. Bc4 Qd7 16. Bh6 Nc6 17. Bxg7 Kxg7 18. Qc3 Na5 19. d5+ Kg8 20. Be2 Qd6 21. Qe3 Qf6 22. Rbd1 e5 23. Qc3 Rfe8 24. h4 Rac8 25. Qa3 Qe7 26. d6 Qd7 27. h5 Rcd8 28. Qc3 Qc8 29. Qd2 Qe6 30. Bb5 Bc6 31. Bxc6 Nxc6 32. Re3 Qf6 33. Rd3 Nb8 34. d7 Re7 35. Qc1 Qc6 36. hxg6 Qxc1 37. Rxc1 Rexd7 38. gxf7+ Kf8 39. Nxe5 Rxd3 40. Nxd3 Rxd3 41. Rc8+ Kxf7 42. Rxb8 Ke6 1/2-1/2

[Event "ZI-2019-0-02564"]
[Site "LSS email"]
[Date "2019.03.07"]
[Round "?"]
[White "Jordan, Miguel"]
[Black "Lavis, Jon"]
[Result "1/2-1/2"]
[WhiteElo "1808"]
[BlackElo "2066"]
[PlyCount "85"]
[EventDate "2019.03.03"]
[EventType "match (corr)"]
[EventRounds "2"]
[EventCountry "GER"]
[SourceTitle "Corr 2022"]
[Source "ChessBase"]
[SourceDate "2021.10.24"]
[SourceVersion "1"]
[SourceVersionDate "2021.10.24"]
[SourceQuality "1"]

1. e4 c5 2. Nf3 Nc6 3. d4 cxd4 4. Nxd4 Nf6 5. Nc3 e5 6. Ndb5 d6 7. Nd5 Nxd5 8. exd5 Nb8 9. a4 Be7 10. Be2 0-0 11. 0-0 Nd7 12. Bd2 Nf6 13. Be3 a6 14. Na3 Qa5 15. c4 Qd8 16. Nb1 Bf5 17. a5 Nd7 18. Qd2 Bg6 19. Nc3 f5 20. f4 Bf6 21. Na4 Rc8 22. Rae1 Re8 23. b4 h6 24. g3 exf4 25. Bxf4 Bg5 26. Rc1 Rc7 27. c5 Nf6 28. Bf3 Ne4 29. Bxg5 hxg5 30. Qd3 g4 31. Bg2 Re5 32. Qd4 Be8 33. Nc3 Nxc3 34. Qxc3 Qf6 35. c6 Bf7 36. Qd3 Qe7 37. Qd4 Kh7 38. Rc2 g6 39. Ra1 Kg8 40. Kf2 Qf6 41. Rd2 Kg7 42. Rb1 Rce7 43. Kg1 1/2-1/2

[Event "ZI-2019-0-02563"]
[Site "LSS email"]
[Date "2019.03.07"]
[Round "?"]
[White "Lavis, Jon"]
[Black "Lindenblatt, Ingo"]
[Result "1-0"]
[WhiteElo "2054"]
[BlackElo "1832"]
[PlyCount "45"]
[EventDate "2019.03.01"]
[EventType "match (corr)"]
[EventRounds "2"]
[EventCountry "GER"]
[SourceTitle "Corr 2022"]
[Source "ChessBase"]
[SourceDate "2021.10.24"]
[SourceVersion "1"]
[SourceVersionDate "2021.10.24"]
[SourceQuality "1"]

1. d4 d5 2. c4 c6 3. Nf3 Nf6 4. Nc3 e6 5. Bg5 h6 6. Bh4 dxc4 7. e4 g5 8. Bg3 b5 9. Be2 Bb7 10. h4 g4 11. Ne5 h5 12. 0-0 Nbd7 13. Qc2 Nxe5 14. Bxe5 Bg7 15. b3 cxb3 16. axb3 0-0 17. Bg3 Qxd4 18. Rad1 Qb6 19. e5 Ne8 20. Ne4 Bh6 21. Nc5 Bc8 22. b4 a5 23. Qe4 1-0

[Event "RB-2018-0-00366"]
[Site "LSS email"]
[Date "2018.12.21"]
[Round "?"]
[White "Pocivavsek, Darko"]
[Black "Lavis, Jon"]
[Result "1-0"]
[WhiteElo "2132"]
[BlackElo "2104"]
[PlyCount "59"]
[EventDate "2018.10.03"]
[EventType "tourn (corr)"]
[EventRounds "6"]
[EventCountry "GER"]
[SourceTitle "Corr 2022"]
[Source "ChessBase"]
[SourceDate "2021.10.24"]
[SourceVersion "1"]
[SourceVersionDate "2021.10.24"]
[SourceQuality "1"]

1. c4 g6 2. d4 Bg7 3. e4 d6 4. Nc3 c5 5. d5 Bxc3+ 6. bxc3 Qa5 7. Bd2 Nd7 8. Nf3 Nb6 9. Bd3 Bg4 10. h3 Bxf3 11. Qxf3 Nf6 12. Qe2 Qa4 13. Rb1 Nfd7 14. f4 0-0-0 15. Bc1 Nf6 16. 0-0 Kb8 17. Kh2 Ne8 18. Be3 Ng7 19. Rb3 Qd7 20. Rfb1 Qc7 21. e5 Ka8 22. a4 Rb8 23. Bxc5 Qxc5 24. Rxb6 Nf5 25. R6b5 Qe3 26. Qxe3 Nxe3 27. Re1 Nf5 28. c5 h5 29. exd6 exd6 30. c6 1-0

[Event "RB-2018-0-00366"]
[Site "LSS email"]
[Date "2018.12.21"]
[Round "?"]
[White "Sorcinelli, Andrea"]
[Black "Lavis, Jon"]
[Result "1/2-1/2"]
[WhiteElo "2019"]
[BlackElo "2104"]
[PlyCount "41"]
[EventDate "2018.10.03"]
[EventType "tourn (corr)"]
[EventRounds "6"]
[EventCountry "GER"]
[SourceTitle "Corr 2022"]
[Source "ChessBase"]
[SourceDate "2021.10.24"]
[SourceVersion "1"]
[SourceVersionDate "2021.10.24"]
[SourceQuality "1"]

1. c4 g6 2. d4 Bg7 3. e4 d6 4. Nc3 e5 5. d5 f5 6. exf5 Bxf5 7. Bd3 Ne7 8. Nf3 Nd7 9. Ng5 Nc5 10. Nge4 Nxe4 11. Bxe4 0-0 12. 0-0 a6 13. Re1 Bd7 14. Bd3 Nf5 15. Ne4 Qe7 16. Bg5 Qf7 17. Rc1 b6 18. Rc3 Rac8 19. Bb1 Nd4 20. Be3 Nf5 21. Bg5 1/2-1/2

[Event "RB-2018-0-00366"]
[Site "LSS email"]
[Date "2018.12.20"]
[Round "?"]
[White "Lavis, Jon"]
[Black "Ilyin, Igor"]
[Result "1/2-1/2"]
[WhiteElo "2104"]
[BlackElo "1944"]
[PlyCount "85"]
[EventDate "2018.10.03"]
[EventType "tourn (corr)"]
[EventRounds "6"]
[EventCountry "GER"]
[SourceTitle "Corr 2022"]
[Source "ChessBase"]
[SourceDate "2021.10.24"]
[SourceVersion "1"]
[SourceVersionDate "2021.10.24"]
[SourceQuality "1"]

1. f4 e5 2. fxe5 d6 3. exd6 Bxd6 4. Nf3 Nf6 5. g3 Qe7 6. Bg2 Nc6 7. d4 Bg4 8. c3 0-0-0 9. 0-0 Rhe8 10. e3 Ne4 11. c4 Bc5 12. Qc2 Bxf3 13. Bxf3 Rxd4 14. Nc3 Nxc3 15. Bxc6 bxc6 16. exd4 Bxd4+ 17. Kg2 Qe4+ 18. Qxe4 Nxe4 19. Re1 f5 20. Re2 h5 21. Bf4 c5 22. h3 g6 23. g4 Re6 24. gxf5 gxf5 25. Kf3 Ra6 26. Rg2 h4 27. Be3 Kb7 28. Kf4 Rd6 29. Bxd4 cxd4 30. Kxf5 Ng3+ 31. Ke5 Rd8 32. Rf2 Kb6 33. Rf7 a5 34. Rd1 Re8+ 35. Kd5 c6+ 36. Kd6 Ne4+ 37. Kd7 Re5 38. Rxd4 Nc5+ 39. Kc8 Re8+ 40. Rd8 Re2 41. b3 Rxa2 42. Rh8 Rg2 43. Rf6 1/2-1/2

[Event "CP-2018-P-00033"]
[Site "LSS email"]
[Date "2018.09.27"]
[Round "?"]
[White "Jordan, Miguel"]
[Black "Lavis, Jon"]
[Result "1/2-1/2"]
[WhiteElo "1659"]
[BlackElo "2104"]
[PlyCount "51"]
[EventDate "2018.10.01"]
[EventType "tourn (corr)"]
[EventRounds "6"]
[EventCountry "GER"]
[SourceTitle "Corr 2022"]
[Source "ChessBase"]
[SourceDate "2021.10.24"]
[SourceVersion "1"]
[SourceVersionDate "2021.10.24"]
[SourceQuality "1"]

1. e4 c5 2. Nf3 Nc6 3. d4 cxd4 4. Nxd4 Nf6 5. Nc3 e5 6. Ndb5 d6 7. Bg5 a6 8. Na3 b5 9. Bxf6 gxf6 10. Nd5 f5 11. Bd3 Be6 12. c3 Bg7 13. Qh5 0-0 14. exf5 Bxd5 15. f6 e4 16. fxg7 Re8 17. Be2 Ne5 18. 0-0 Qf6 19. Qh3 Rab8 20. Nc2 Bc4 21. Nd4 Bxe2 22. Nxe2 d5 23. b4 Rb6 24. a4 bxa4 25. Rxa4 Qxg7 26. Ng3 1/2-1/2

[Event "SB-2018-0-00544"]
[Site "LSS email"]
[Date "2018.08.22"]
[Round "?"]
[White "Lavis, Jon"]
[Black "Koronowski, Heinz Juergen"]
[Result "1/2-1/2"]
[WhiteElo "2100"]
[BlackElo "2059"]
[PlyCount "57"]
[EventDate "2018.07.23"]
[EventType "tourn (corr)"]
[EventRounds "6"]
[EventCountry "GER"]
[SourceTitle "Corr 2022"]
[Source "ChessBase"]
[SourceDate "2021.10.24"]
[SourceVersion "1"]
[SourceVersionDate "2021.10.24"]
[SourceQuality "1"]

1. d4 Nf6 2. c4 g6 3. g3 c6 4. Bg2 d5 5. Qa4 Nfd7 6. Qc2 dxc4 7. Qxc4 Bg7 8. Nf3 0-0 9. 0-0 e5 10. Bg5 Qb6 11. Be7 exd4 12. Bxf8 Nxf8 13. Nbd2 Be6 14. Qa4 Na6 15. Nc4 Qc7 16. Rac1 Rd8 17. Na5 Bd5 18. Ne1 Bh6 19. Rc2 Bxg2 20. Nxg2 b5 21. Qa3 c5 22. Nb3 Rd6 23. Nxc5 b4 24. Nxa6 Qxc2 25. Nxb4 Qxe2 26. Nd3 Qe7 27. Nge1 Ne6 28. Nf3 Bf8 29. Qb3 1/2-1/2

[Event "SB-2018-0-00544"]
[Site "LSS email"]
[Date "2018.08.22"]
[Round "?"]
[White "Lavis, Jon"]
[Black "Pott, Brian"]
[Result "1-0"]
[WhiteElo "2100"]
[BlackElo "1741"]
[PlyCount "75"]
[EventDate "2018.07.23"]
[EventType "tourn (corr)"]
[EventRounds "6"]
[EventCountry "GER"]
[SourceTitle "Corr 2022"]
[Source "ChessBase"]
[SourceDate "2021.10.24"]
[SourceVersion "1"]
[SourceVersionDate "2021.10.24"]
[SourceQuality "1"]

1. d4 Nf6 2. c4 g6 3. g3 Bg7 4. Bg2 0-0 5. Nc3 d6 6. Nf3 Nbd7 7. 0-0 e5 8. e4 c6 9. h3 Re8 10. Qc2 exd4 11. Nxd4 Nc5 12. Be3 a5 13. Rad1 Qe7 14. Rfe1 a4 15. b4 axb3 16. axb3 Na6 17. Qa2 Bd7 18. Bg5 h6 19. Bf4 g5 20. Bd2 Nc5 21. Qb1 Ne6 22. Nf5 Qf8 23. Be3 Ng4 24. Nxg7 Qxg7 25. hxg4 Qxc3 26. Rxd6 Bc8 27. Rc1 Qg7 28. Rcd1 Qc3 29. Bf3 c5 30. Kg2 Ra3 31. R1d3 Qg7 32. R3d5 Qc3 33. Qh1 Qh8 34. Bxc5 Ra1 35. Qh5 Ra6 36. Rf5 Qh7 37. Bb6 Qg7 38. e5 1-0

[Event "ZI-2018-0-02458"]
[Site "LSS email"]
[Date "2018.06.25"]
[Round "?"]
[White "Lavis, Jon"]
[Black "Plutarco, Fosca"]
[Result "1/2-1/2"]
[WhiteElo "2097"]
[BlackElo "2050"]
[PlyCount "64"]
[EventDate "2018.06.21"]
[EventType "match (corr)"]
[EventRounds "2"]
[EventCountry "GER"]
[SourceTitle "Corr 2022"]
[Source "ChessBase"]
[SourceDate "2021.10.24"]
[SourceVersion "1"]
[SourceVersionDate "2021.10.24"]
[SourceQuality "1"]

1. d4 d5 2. c4 c6 3. Nf3 Nf6 4. Nc3 e6 5. Bg5 h6 6. Bh4 dxc4 7. e4 g5 8. Bg3 b5 9. Ne5 h5 10. h4 g4 11. Be2 b4 12. Na4 Nxe4 13. 0-0 Ba6 14. Bf4 Bh6 15. Qc2 Bxf4 16. Qxe4 Bxe5 17. Qxe5 Rg8 18. Qxh5 Qxd4 19. Rfd1 Qh8 20. Bxg4 Qxh5 21. Bxh5 Rh8 22. g4 Nd7 23. Rxd7 Kxd7 24. Nc5+ Kd6 25. Nxa6 c5 26. Rd1+ Kc6 27. Bxf7 Rad8 28. Rxd8 Rxd8 29. Bxe6 Rd4 30. f3 c3 31. bxc3 Rd1+ 32. Kf2 bxc3 1/2-1/2

[Event "ZI-2018-0-02433"]
[Site "LSS email"]
[Date "2018.05.06"]
[Round "?"]
[White "Dlugolecki, Grzegorz"]
[Black "Lavis, Jon"]
[Result "1-0"]
[WhiteElo "1738"]
[BlackElo "2107"]
[PlyCount "127"]
[EventDate "2018.04.28"]
[EventType "match (corr)"]
[EventRounds "2"]
[EventCountry "GER"]
[SourceTitle "Corr 2022"]
[Source "ChessBase"]
[SourceDate "2021.10.24"]
[SourceVersion "1"]
[SourceVersionDate "2021.10.24"]
[SourceQuality "1"]

1. e4 g6 2. d4 Bg7 3. Nf3 d6 4. Be2 Nf6 5. Qd3 0-0 6. Nc3 Na6 7. 0-0 c5 8. Rd1 Nb4 9. Qd2 cxd4 10. Nxd4 Nc6 11. Nxc6 bxc6 12. Qe3 Qb6 13. h3 Be6 14. Bd2 Qxb2 15. Rab1 Qa3 16. Rb7 Rfe8 17. Rc7 Nd7 18. Rxc6 Nc5 19. Rc7 Qb2 20. Rb1 Qa3 21. Rb5 a6 22. Rb6 Kf8 23. Bf1 Rad8 24. Nd5 Qxa2 25. Bc3 Bxd5 26. Bxg7+ Kxg7 27. exd5 Qxc2 28. Rxe7 Rxe7 29. Qxe7 Rd7 30. Qe1 Qf5 31. Bc4 Qf6 32. Bxa6 Re7 33. Qd2 Re4 34. Qc1 Rf4 35. Qe1 h5 36. Bf1 Re4 37. Qd2 Rd4 38. Qe1 Rxd5 39. Rb8 Ne6 40. Rb6 Nc5 41. Rb4 Rd4 42. Rb1 h4 43. Be2 Qe5 44. Bf3 Qxe1+ 45. Rxe1 f5 46. g3 hxg3 47. fxg3 Kf6 48. Re3 Ne4 49. g4 Kg5 50. gxf5 gxf5 51. Be2 Rd2 52. Kf1 f4 53. Rxe4 Rb2 54. Ra4 Kh4 55. Bg4 Kg3 56. Ra3+ f3 57. Rxf3+ Kh4 58. Rd3 d5 59. Rxd5 Rf2+ 60. Ke1 Rh2 61. Rd4 Kg3 62. Rc4 Rh1+ 63. Ke2 Rh2+ 64. Ke3 1-0

[Event "SB-2018-0-00523"]
[Site "LSS email"]
[Date "2018.01.31"]
[Round "?"]
[White "Langheld, Werner"]
[Black "Lavis, Jon"]
[Result "1/2-1/2"]
[WhiteElo "1996"]
[BlackElo "2103"]
[PlyCount "77"]
[EventDate "2017.12.27"]
[EventType "tourn (corr)"]
[EventRounds "6"]
[EventCountry "GER"]
[SourceTitle "Corr 2022"]
[Source "ChessBase"]
[SourceDate "2021.10.24"]
[SourceVersion "1"]
[SourceVersionDate "2021.10.24"]
[SourceQuality "1"]

1. d4 g6 2. e4 Bg7 3. Nc3 d6 4. Be3 a6 5. a4 Nf6 6. h3 0-0 7. Nf3 Nc6 8. a5 e5 9. d5 Nd4 10. Bc4 Nb5 11. Bxb5 axb5 12. b4 Bd7 13. 0-0 Nh5 14. Re1 Qe8 15. Qd3 f5 16. Qe2 Nf6 17. Rad1 b6 18. axb6 cxb6 19. Nd2 Qb8 20. Bg5 Rc8 21. exf5 gxf5 22. Nxb5 Rxc2 23. Bxf6 Bxf6 24. Qd3 Rca2 25. Nc3 Rb2 26. Nc4 Rb3 27. Rb1 Rxb1 28. Rxb1 Qc7 29. Ne2 Bg5 30. Qg3 h6 31. Rc1 Kh8 32. Ne3 Qd8 33. f4 Bh4 34. Qg6 Qf6 35. Qxf6+ Bxf6 36. fxe5 dxe5 37. Rc7 f4 38. Rxd7 fxe3 39. g3 1/2-1/2

[Event "SB-2018-0-00523"]
[Site "LSS email"]
[Date "2018.01.31"]
[Round "?"]
[White "Milde, Lars"]
[Black "Lavis, Jon"]
[Result "0-1"]
[WhiteElo "1947"]
[BlackElo "2103"]
[PlyCount "94"]
[EventDate "2017.12.27"]
[EventType "tourn (corr)"]
[EventRounds "6"]
[EventCountry "GER"]
[SourceTitle "Corr 2022"]
[Source "ChessBase"]
[SourceDate "2021.10.24"]
[SourceVersion "1"]
[SourceVersionDate "2021.10.24"]
[SourceQuality "1"]

1. e4 c5 2. Nf3 Nc6 3. d4 cxd4 4. Nxd4 Nf6 5. Nc3 e5 6. Ndb5 d6 7. Bg5 a6 8. Na3 b5 9. Nd5 Be7 10. Bxf6 Bxf6 11. c3 Rb8 12. Nc2 Bg5 13. a3 0-0 14. h4 Bh6 15. g4 Bf4 16. Qf3 Re8 17. Be2 Bb7 18. Nxf4 exf4 19. Qxf4 Ne5 20. 0-0-0 Ng6 21. Qg3 Bxe4 22. Bf3 Bxc2 23. Kxc2 Ne5 24. Bd5 Qd7 25. Rd4 a5 26. Kb1 b4 27. axb4 Nc6 28. Rf4 Ne5 29. Rd4 Nc6 30. Rf4 Ne5 31. Rc1 Rec8 32. Qe3 axb4 33. cxb4 Qb5 34. Rxc8+ Rxc8 35. Rd4 Qf1+ 36. Ka2 Qb5 37. Qd2 Rd8 38. g5 Nc6 39. Bxc6 Qxc6 40. Kb3 g6 41. Rd5 Ra8 42. Ra5 Rb8 43. Qf4 Re8 44. Qd4 Rb8 45. Ka2 Rb6 46. Qc3 Qe8 47. Ka3 Rb8 0-1

[Event "SA-2017-0-00604"]
[Site "LSS email"]
[Date "2017.10.31"]
[Round "?"]
[White "Cleto, Dirceu Jr"]
[Black "Lavis, Jon"]
[Result "1/2-1/2"]
[WhiteElo "2269"]
[BlackElo "2141"]
[PlyCount "73"]
[EventDate "2017.09.30"]
[EventType "tourn (corr)"]
[EventRounds "6"]
[EventCountry "GER"]
[SourceTitle "Corr 2022"]
[Source "ChessBase"]
[SourceDate "2021.10.24"]
[SourceVersion "1"]
[SourceVersionDate "2021.10.24"]
[SourceQuality "1"]

1. d4 g6 2. c4 Bg7 3. Nc3 d6 4. Nf3 Bg4 5. e3 Nc6 6. Be2 e5 7. d5 Nce7 8. e4 Bd7 9. 0-0 b6 10. a3 a5 11. Nh4 Nh6 12. h3 0-0 13. Bd2 f5 14. b4 Kh8 15. Re1 Nhg8 16. Bd3 Nf6 17. Nf3 axb4 18. axb4 fxe4 19. Nxe4 Rxa1 20. Qxa1 Nxe4 21. Bxe4 Ng8 22. Qa7 Bh6 23. Bxh6 Nxh6 24. c5 bxc5 25. bxc5 Kg8 26. Ra1 Bc8 27. Rb1 Bf5 28. Nd2 Qg5 29. Bxf5 Nxf5 30. Ne4 Qh4 31. Rb4 dxc5 32. Qxc5 Nd6 33. Nxd6 cxd6 34. Rxh4 dxc5 35. Re4 Rf5 36. Rc4 Kf8 37. Rxc5 1/2-1/2

[Event "SA-2017-0-00604"]
[Site "LSS email"]
[Date "2017.10.31"]
[Round "?"]
[White "Jarabinsky, Martin"]
[Black "Lavis, Jon"]
[Result "1/2-1/2"]
[WhiteElo "2267"]
[BlackElo "2141"]
[PlyCount "84"]
[EventDate "2017.09.30"]
[EventType "tourn (corr)"]
[EventRounds "6"]
[EventCountry "GER"]
[SourceTitle "Corr 2022"]
[Source "ChessBase"]
[SourceDate "2021.10.24"]
[SourceVersion "1"]
[SourceVersionDate "2021.10.24"]
[SourceQuality "1"]

1. e4 c5 2. Nf3 Nc6 3. d4 cxd4 4. Nxd4 Nf6 5. Nc3 e5 6. Ndb5 d6 7. Bg5 a6 8. Na3 b5 9. Nd5 Be7 10. Bxf6 Bxf6 11. c3 0-0 12. Nc2 Rb8 13. h4 g6 14. g3 Bg7 15. h5 Ne7 16. Nce3 Nxd5 17. Nxd5 Bb7 18. Be2 Bf6 19. Qd3 Bg5 20. a3 Rc8 21. Bd1 Bxd5 22. Qxd5 Rc5 23. Qd3 d5 24. hxg6 hxg6 25. Bb3 dxe4 26. Qxe4 Kg7 27. Rd1 Qf6 28. Rd3 Qe7 29. g4 Rcc8 30. Rdh3 Rh8 31. Rxh8 Rxh8 32. Rxh8 Kxh8 33. Kd1 Kg7 34. f3 Qc5 35. Kc2 Qc7 36. Qd5 Bf6 37. Kd3 Bg5 38. Kc2 Bf6 39. Kc1 Bh4 40. Qe4 Be7 41. Qd5 Bh4 42. Qe4 Be7 1/2-1/2

[Event "FICGS rapid E 000185 email"]
[Site "FICGS email"]
[Date "2017.04.30"]
[Round "1"]
[White "Goldmund, Heike"]
[Black "Lavis, Jon"]
[Result "1-0"]
[WhiteElo "1140"]
[BlackElo "1342"]
[PlyCount "43"]
[EventDate "2017.??.??"]
[EventType "tourn (rapid)"]
[EventRounds "6"]
[SourceTitle "Corr 2022"]
[Source "ChessBase"]
[SourceDate "2021.10.24"]
[SourceVersion "1"]
[SourceVersionDate "2021.10.24"]
[SourceQuality "1"]

1. b4 c5 2. a3 Nf6 3. Bb2 e6 4. b5 d5 5. e3 Bd6 6. c4 0-0 7. Nf3 Nbd7 8. Be2 a6 9. a4 axb5 10. cxb5 c4 11. 0-0 e5 12. Nc3 Re8 13. Qc2 Nc5 14. Rfd1 d4 15. exd4 exd4 16. Na2 d3 17. Bxd3 cxd3 18. Qc3 Bg4 19. Re1 Bxf3 20. Nb4 Rxe1+ 21. Rxe1 Nxa4 22. Qb3 1-0

[Event "FICGS rapid E 000185 email"]
[Site "FICGS email"]
[Date "2017.04.30"]
[Round "1"]
[White "Lavis, Jon"]
[Black "Joubert, Hennie"]
[Result "0-1"]
[WhiteElo "1342"]
[BlackElo "1183"]
[PlyCount "48"]
[EventDate "2017.??.??"]
[EventType "tourn (rapid)"]
[EventRounds "6"]
[SourceTitle "Corr 2022"]
[Source "ChessBase"]
[SourceDate "2021.10.24"]
[SourceVersion "1"]
[SourceVersionDate "2021.10.24"]
[SourceQuality "1"]

1. d4 Nf6 2. c4 e6 3. Nc3 Bb4 4. Qc2 0-0 5. a3 Bxc3+ 6. Qxc3 b6 7. Bg5 h6 8. Bh4 g5 9. Bg3 Bb7 10. f3 d5 11. h4 g4 12. Qd2 Kh7 13. Bf4 h5 14. cxd5 Nxd5 15. Bh6 Rg8 16. e4 Nf6 17. e5 Nd5 18. Bd3+ Kh8 19. Bg5 Qf8 20. fxg4 hxg4 21. Ne2 Ba6 22. Bxa6 Nxa6 23. Nc3 f6 24. Nxd5 fxg5 0-1

[Event "FICGS rapid E 000185 email"]
[Site "FICGS email"]
[Date "2017.04.30"]
[Round "1"]
[White "Lavis, Jon"]
[Black "Piantadosi, Angelo"]
[Result "1-0"]
[WhiteElo "1342"]
[BlackElo "1360"]
[PlyCount "37"]
[EventDate "2017.??.??"]
[EventType "tourn (rapid)"]
[EventRounds "6"]
[SourceTitle "Corr 2022"]
[Source "ChessBase"]
[SourceDate "2021.10.24"]
[SourceVersion "1"]
[SourceVersionDate "2021.10.24"]
[SourceQuality "1"]

1. d4 d5 2. c4 e6 3. Nc3 Nf6 4. cxd5 exd5 5. Bg5 Be7 6. e3 c6 7. Bd3 0-0 8. Qc2 h6 9. Bh4 Nbd7 10. Nge2 Re8 11. 0-0 Nf8 12. f3 Bd6 13. Qd2 Be7 14. Bf2 Be6 15. Rad1 c5 16. dxc5 Bxc5 17. Bb5 Re7 18. e4 dxe4 19. Qxd8 1-0